|
|
|
|
| LEADER |
00000csc a2200000 a 4500 |
| 001 |
26444-4 |
| 005 |
20230308214847.0 |
| 008 |
001010|1999 ||||||||r|||||||||||spa|| |
| 020 |
|
|
|a 9701029151
|
| 040 |
|
|
|b spa
|
| 041 |
1 |
|
|a spa
|
| 082 |
0 |
|
|a 618
|
| 245 |
|
|
|a Valoración fetal preparto e intraparto
|c Gary A. Dildy, director
|h imp
|n 4/4
|
| 264 |
|
|
|a México
|b McGraw-Hill Interamericana
|c 1999
|
| 300 |
|
|
|a XII, pp 533-719
|b ilu
|c 22x16 cm
|
| 310 |
|
|
|a Trimestral
|
| 504 |
|
|
|a incl. ref.
|
| 650 |
1 |
|
|a Trabajo de parto
|9 87499
|
| 650 |
|
|
|a Estrés
|9 2846
|
| 650 |
|
|
|a Líquido amniótico
|9 84534
|
| 650 |
|
|
|a Embarazo
|9 4413
|
| 650 |
|
|
|a Movimientos fetales
|9 297387
|
| 650 |
|
|
|a Embarazo
|9 4413
|
| 700 |
|
|
|a Dildy, Gary A
|e director
|9 300327
|
| 700 |
|
|
|a García Roig, Félix
|e traducción
|9 84429
|
| 773 |
|
|
|t Clínicas de Ginecología y Obstetricia volumen 4/4 1999
|
| 852 |
|
|
|a UC-SALUD
|c ESTANTERIA ABIERTA
|f Compra
|k teresa.bermeoh
|l 1
|m General
|p 20010103/20121130
|q S/. 1
|t 26444-4
|b 0
|d CDRS
|e CDRS
|g 618 ESTANTERIA ABIERTA
|z 2001-10-10
|
| 942 |
|
|
|
| 999 |
|
|
|c 129258
|d 129258
|